| 000 | 00829nam a22002897a 4500 | ||
|---|---|---|---|
| 001 | BR7905799 | ||
| 003 | BR-BrBNA | ||
| 005 | 20230928090105.0 | ||
| 007 | ta | ||
| 008 | 230509b bl.||||| |||| 00| 0 por d | ||
| 040 |
_aBR-BrBNA _bpor _cBiblioteca Nacional de Agricultura |
||
| 041 | _a(Por) | ||
| 072 |
_aS30; S00 _b9000 _b/G514 |
||
| 090 | _ 9000 BR7905799 | ||
| 110 | 1 |
_aCampanha Nacional de Alimentacao Escolar, Brasilia, DF (Brasil) _91334 |
|
| 245 | 1 | _aPrograma de Nutricao Escolar - PNE [Dieta; Alimento; Brasil] | |
| 260 | 3 |
_aBrasilia, DF (Brasil): _c[nd]. |
|
| 300 | _a89 p. | ||
| 500 | _a25 illus.; 32 tables; Published 1979? | ||
| 650 | _aAlimentacao | ||
| 650 | _aNutricao humana | ||
| 650 | _aAlimento | ||
| 650 | _aDieta | ||
| 650 | _aEscola | ||
| 909 |
_a202309 _bLucia _c55 _dLucia Elande |
||
| 942 | _cBK | ||
| 999 |
_c27783 _d27783 |
||